000 00351 a2200157 4500
001 72346
020 _a851603514X
040 _cAnchieta - Colégio São Paulo
100 _aBandeira, Pedro
240 1 0 _aDroga de americana!
_lpor
245 1 0 _aDroga de americana!
300 _a192
362 0 _a2003
650 4 _aLiteratura juvenil
942 _cBK
999 _c72346
_d72346